Purification and characterisation of an inhibitor of rubber biosynthesis from C-serum of Hevea brasiliensis latex (Record no. 66105)

MARC details
000 -LEADER
fixed length control field 01637nam a2200145Ia 4500
100 ## - MAIN ENTRY--AUTHOR NAME
Personal name Yusof Faridah
245 #0 - TITLE STATEMENT
Title Purification and characterisation of an inhibitor of rubber biosynthesis from C-serum of Hevea brasiliensis latex
260 ## - PUBLICATION, DISTRIBUTION, ETC. (IMPRINT)
Name of publisher Journal of Rubber Research
Year of publication 1998
300 ## - PHYSICAL DESCRIPTION
Number of Pages 95-110
520 ## - SUMMARY, ETC.
Summary, etc A preeinaceous inhibitor of rubber biosynthesis was purified from the C-serum of Hevea brasiliensis latex. The protein inhibited the incorporation of isopentenyl diphosphate into rubber. Purification was achieved by employing three column chromatography meethods Sephadex G-150 gel-filtration, DEAE-Cellulose ion exchangd gchromatography and Phenyl Sepharose CL-4B hydrophobic interaction chromatography. The inhibitor makes up 0.3;ofthe total protein in the C-serum solids and was shown to have a molecular weight of 43 700 Da by mass spectrometry. The protein was blocked at the N-terminal. Amino acid sequence of petpide fragments obtained from CNBr, endoproteinase Lysine-C and trypsin digestions shwoed this protein to have regions of sequence similar to patatin, a protein that constitutes approximately 40;of the total protein present in mature potato tubers (Solanum tuberosum). Investigations showed that, like patatin, the inhibitor has liplytic acyl hydrolase (LAH) activity. Based on these observations, it is thought that the inhibitory effect is due to the destruction by LAH of the integrity of the rubber particle membrane in which the biosynthetic enzymes are thought to be embedded.
700 ## - ADDED ENTRY--PERSONAL NAME
Personal name Walker John M
700 ## - ADDED ENTRY--PERSONAL NAME
Personal name Ward Malcolm A
942 ## - ADDED ENTRY ELEMENTS (KOHA)
Koha item type Journals
Holdings
Withdrawn status Lost status Damaged status Not for loan Home library Current library Shelving location Date acquired Serial Enumeration / chronology Koha item type
      Journals RRII Library RRII Library Physiology 17/12/2021 Volume 1, Issue 2 Journals